000 00580nam a22002057a 4500
003 OSt
005 20140310182353.0
008 131001t xxu||||| |||| 00| 0 eng d
020 _a185304122X
020 _a9781853041228
050 _aPN 6222
_b.W337 1989
082 _aGS 741.5973
_bW33 1989
100 _aWatson, Geoff
_922241
245 _aKing Tutt :
_bdown with the system /
_cGeoff Watson.
260 _aLondon :
_bRavette Books,
_c1989.
300 _bill. ;
_c18 cm.
650 _aAmerican wit and humor, Pictorial.
_91156
942 _2lcc
_cBK-GS
999 _c12410
_d12410